Quiz sport - Statistiques

Statistiques générales
  • Ce quiz a été pris 158 fois
  • Le résultat moyen est 7 sur 12
Statistiques - réponses
Hint Réponse % Correct
(Football) Nation ayant gagné 5 coupes du monde. Brésil
100%
(Tennis) Service gagnant, pendant lequel l'adversaire ne touche pas la balle. Ace
86%
(Basketball) Nom de l'équipe NBA de San Antonio. Spurs
82%
(Rugby) Nation ayant gagné le plus de coupes du monde. Afrique du sud
79%
(Handball) Nom du poste offensif placé dans la défense adverse. Pivot
74%
(Natation) Dernier style de nage après la brasse, la nage libre et le dos. Papillon
73%
(Équitation) Nom du casque du cavalier. Bombe
55%
(Golf) Nom des fosse de sable. Bunker
49%
Date de la première édition des JO modernes. 1896
44%
(Judo) Grade au dessus de la ceinture noire. Dan
40%
(Cyclisme) Seul monument français. Paris-Roubaix
38%
(Voile) Partie immergé permettant de diriger le bateau. Safran
7%
Aucun quiz correspondant
Distribution des résultats
% des personnes avec chaque résultat
Percentile par nombre de réponses
Votre historique - résultats
Vous n’avez pas pris ce quiz